| 000 | 00704nam a2200253Ia 4500 | ||
|---|---|---|---|
| 008 | 160803s9999 xx 000 0 und d | ||
| 020 | _a9780439326919 | ||
| 100 | _aAdler, David A. | ||
| 245 | _aCam Jansen and the barking treasure mystery / | ||
| 245 | _cDavid A. Adler ; illustrated by Susanna Natti. | ||
| 260 | _aNew York : | ||
| 260 | _bScholastic Inc. | ||
| 260 | _c1999 | ||
| 300 | _a55 pages : | ||
| 300 | _billustrations ; | ||
| 300 | _c20 cm. | ||
| 500 | _aOriginally published: New York : Viking, 1999. | ||
| 650 | _aBoats and boating -- | ||
| 650 | _aDogs -- | ||
| 650 | _aMystery and detective stories. | ||
| 650 | _xFiction. | ||
| 650 | _xFiction. | ||
| 700 | _a450 | ||
| 999 |
_c299552 _d299552 |
||